Word Ladder: Restaurant Chains Quiz Stats

 Plays Quiz Updated Jun 26, 2012

Support Sporcle.
Go Orange.
Score 0/29 Timer 02:00
0 Plays Today
Hint 4-Letter Word % Correct
◇ Burger ____KING
99.1%
◇ Taco ____BELL
96.4%
To strike with your footKICK
95.1%
Opposite of heavenHELL
94.9%
What little kids do to their nosePICK
94.7%
To get things ready before a tripPACK
94.4%
A twist or curl in a rope or hoseKINK
90.3%
Not hot or spicyMILD
90.1%
Fungus that grows on decaying foodMOLD
89%
Kept in your handHELD
88.7%
◇ Buffalo ____ Wings ◇WILD
88.3%
James aka 007BOND
87.3%
One of 16 on a billiards tableBALL
86.8%
To fuse metal together using heatWELD
86.5%
Ping ____PONG
86.3%
Hint 4-Letter Word % Correct
◇ ____ Stone Creamery ◇COLD
86.2%
Bulletin board needTACK
85.6%
◇ ____ John Silver's ◇LONG
85.4%
To say somethingTALK
85.2%
Small body of waterPOND
83.7%
Like Goliath or HagridTALL
81.3%
Darkened, like a fontBOLD
81.1%
A young horseCOLT
78.4%
No points, in tennisLOVE
75.4%
Without accompanimentLONE
75%
John Travolta voiced dogBOLT
74.2%
Home for a bear, usuallyCAVE
70.1%
Small inlet in a shorelineCOVE
68.1%
◇ Famous ____'s ◇DAVE
59.8%

Today's Daily Dose

Missing Word
'80s Musicals

Word Ladder
Hereditary

Get the Picture
Food Names

From the Vault

Click the 'I' Cartoon Shows

by ddd62291

It's like these cartoons are all speaking in the first person.
Remove Ads.
Support Sporcle.
Get the best of Sporcle when you Go Orange. This ad-free experience offers more features, more stats, and more fun while also helping to support Sporcle. Thank you for becoming a member.

Show Comments

Extras

Top Quizzes Today


Score Distribution

Your Account Isn't Verified!

In order to create a playlist on Sporcle, you need to verify the email address you used during registration. Go to your Sporcle Settings to finish the process.

Report this User

Report this user for behavior that violates our Community Guidelines.

Details: